000 00729na a2200205 4500
001 23579
003 MIRAKIL
005 20181213155322.0
008 180109b tu 000 0
020 _a9786055197032
040 _aMilas
_btur
_cTR-AnCHP
041 _atur
_aeng
082 _a327.56104
_bA86 2012
090 _a327.56104 A86 2012
245 _aAvrupa Birliği bakanı ve başmüzakereci Egemen Bağış'ın 2012 Türkiye ilerleme raporuna ilişkin değerlendirmesi
_cTürkiye Cumhuriyeti Avrupa Birliği Bakanlığı
260 _aAnkara
_bTürkiye Cumhuriyeti Avrupa Birliği Bakanlığı
_c2012
300 _a94 s.
_c23 sm.
650 _aTürkiye
_xUluslararası ilişkiler
_xAvrupa Birliği
942 _2dcc
_cBKS
999 _c10443
_d10443